Export Import Theory Practices And Procedures (Record no. 43471)

MARC details
000 -LEADER
fixed length control field 02168cam a22003738i 4500
001 - CONTROL NUMBER
control field 21835340
005 - DATE AND TIME OF LATEST TRANSACTION
control field 20250328150828.0
008 - FIXED-LENGTH DATA ELEMENTS--GENERAL INFORMATION
fixed length control field 201209s2021 nyu b 001 0 eng
010 ## - LIBRARY OF CONGRESS CONTROL NUMBER
LC control number 2020055600
020 ## - INTERNATIONAL STANDARD BOOK NUMBER
International Standard Book Number 9780367896782
041 ## - LANGUAGE CODE
Language code of text/sound track or separate title eng
042 ## - AUTHENTICATION CODE
Authentication code pcc
082 00 - DEWEY DECIMAL CLASSIFICATION NUMBER
Classification number 382 SEY
100 1# - MAIN ENTRY--PERSONAL NAME
Author Seyoum, Belay,
245 10 - TITLE STATEMENT
Title Export Import Theory Practices And Procedures
250 ## - EDITION STATEMENT
Edition statement 4th
260 ## - PUBLICATION, DISTRIBUTION, ETC.
Place New York
Publisher Routledge
Publication Year 2022
300 ## - PHYSICAL DESCRIPTION
Extent 656;. pages: 24 cm
504 ## - BIBLIOGRAPHY, ETC. NOTE
Bibliography, etc. note Includes bibliographical references and index.
520 ## - SUMMARY, ETC.
Summary, etc. "This book remains the sole export-import textbook aimed squarely at the academic audience. Discussing theoretical issues in depth, while maintaining a practical approach, it offers a comprehensive exploration of import procedures and export regulations. In addition to updated cases, this new edition includes: New major developments in bilateral and regional trade agreements Changes to INCOTERMS 2010 Coverage of the role of e-commerce Expanded updates on methods of payment, export pricing and government export finance This clearly written and comprehensive textbook will ground students in theory and prepare them for the realities of a career in this fast-moving field. Suitable for upper-level undergraduates and postgraduates of international trade, the book stands alone in its blend of conceptual frameworks and cogent analysis. A related website, filled with export-import resources, opinion pieces, cases, and the latest news is located at: www.export-importtradecenter.com"--
650 #0 - SUBJECT ADDED ENTRY--TOPICAL TERM
Subject Exports.
650 #0 - SUBJECT ADDED ENTRY--TOPICAL TERM
Subject Imports.
650 #0 - SUBJECT ADDED ENTRY--TOPICAL TERM
Subject Export marketing.
650 #0 - SUBJECT ADDED ENTRY--TOPICAL TERM
Subject International trade.
942 ## - ADDED ENTRY ELEMENTS (KOHA)
Koha item type Books
263 ## - PROJECTED PUBLICATION DATE
Projected publication date 2105
264 #1 - PRODUCTION, PUBLICATION, DISTRIBUTION, MANUFACTURE, AND COPYRIGHT NOTICE
Place of production, publication, distribution, manufacture New York, NY :
Name of producer, publisher, distributor, manufacturer Routledge,
Date of production, publication, distribution, manufacture, or copyright notice 2021.
336 ## - CONTENT TYPE
Content type term text
Content type code txt
Source rdacontent
337 ## - MEDIA TYPE
Media type term unmediated
Media type code n
Source rdamedia
338 ## - CARRIER TYPE
Carrier type term volume
Carrier type code nc
Source rdacarrier
776 08 - ADDITIONAL PHYSICAL FORM ENTRY
Relationship information Online version:
Main entry heading Seyoum, Belay,
Title Export-import theory, practices, and procedures
Edition Fourth.
Place, publisher, and date of publication New York : Routledge, 2021.
International Standard Book Number 9781003020509
Record control number (DLC) 2020055601
906 ## - LOCAL DATA ELEMENT F, LDF (RLIN)
a 7
b cbc
c orignew
d 1
e ecip
f 20
g y-gencatlg
Holdings
Withdrawn status Lost status Source of classification or shelving scheme Damaged status Not for loan Home library Current library Shelving location Accession Date Vendor Price Bill number Total Checkouts Full call number Barcode No Date last seen Discount Bill Date Koha item type Suggested By
    Dewey Decimal Classification     IMTN IMTN Rack 16-B 03/24/2025 Raghav Books Private Limited 8568.99 2374   382 SEY 33760 03/28/2025 33 02/14/2025 Books Dr. Veena Pailwar
Designed & Maintained by: LRC IMT Nagpur Contact: lrc@imtnag.ac.in© 2024. All Rights Reserved.